Treaty of Versailles Terms - Sudden Death - Statistics

General Stats
  • This quiz has been taken 148 times
  • The average score is 4 of 8
Answers on the Grid
Answers color-coded by a green-red scale on the quiz's grid according to % correct below.
Germany have to accept the blame for starting the war
Germany was forbidden to form a union with Austria (Anschluss)
Alsace-Lorraine was annexed to France
Danzig was annexed to Poland
Germany cannot have a navy
Germany cannot have an air force
German’s infantry has to be limited to 100,000 men
Germany have to pay £8,500M in war reperations
In order to stop Germany to start another war, it was forced to enter the League of Nations immediately
Germany lost all its overseas colonies
Wilhelm II was forced to abdicate
Köningsberg was annexed to Russia, and renaming it to Kaliningrad
Saarland was annexed to France
Rhineland was demilitarised
Germany was turned into a supervised state, under the League of Nations
Gdynia, Poznan, Katowice were annexed to Poland
 
Answer Stats
Answer % Correct
Rhineland was demilitarised
60%
Germany lost all its overseas colonies
52%
Alsace-Lorraine was annexed to France
48%
German’s infantry has to be limited to 100,000 men
48%
Germany have to accept the blame for starting the war
46%
Germany cannot have an air force
42%
Germany was forbidden to form a union with Austria (Anschluss)
40%
Gdynia, Poznan, Katowice were annexed to Poland
24%
No matching quizzes found
Score Distribution
Percent of People with Each Score
Percentile by Number Answered
Your Score History
You have not taken this quiz